| 000 | 01552cam a22002294a 4500 | ||
|---|---|---|---|
| 005 | 20250605164112.0 | ||
| 008 | 250528s ||||||||||||||||||||||||d | ||
| 035 | _a17920 | ||
| 020 | _a471988197 | ||
| 040 |
_aGR-AtMCL _bgre _dGR-AtMCL _eAACR2 |
||
| 245 | 1 | _aGlobal and Transnational Business / Strategy and Management | |
| 260 |
_bJohn Wiley & Sons, Ltd, _c2000 |
||
| 300 | _a464 | ||
| 520 | _aIn this book the authors discuss the complex strategic issues involved in global and international business. Preface, An Introduction to Global Business, Strategic and Management Issues in Global and Transnational Business, Global Business Analysis, Globalization and Global Vision, Analysis of the Global Business, Analysis of the Competitive Environment, Analysis of the Global Macroenvironment, Global and Transnational Business Strategies, Global and Transnational Strategy, Global and Transnational Market Servicing Strategies, Global Business Management, Global Production and Logistics Management, Global Strategic Human Resource Management, Global Technology Management, Global and Transnational Marketing Management, Global Financial Management, Organizational Structure and Control in Global and Transnational Businesses, Managing Global Mergers and Acquisitions and Alliances, Global Business - Present and Future Trends, The Cases, Index. | ||
| 700 | 1 |
_aCambell David _94196 |
|
| 700 | 1 |
_aHamill Jim _94218 |
|
| 700 | 1 |
_aPurdie Tony _94219 |
|
| 700 | 1 |
_aStonehouse George _94198 |
|
| 942 | _cBK | ||
| 999 |
_c3319 _d3319 |
||